| 000 | 00501nam a22001817a 4500 | ||
|---|---|---|---|
| 005 | 20170517110050.0 | ||
| 010 | _aENG-118187 | ||
| 020 |
_a9789386120755 _c110.00 |
||
| 035 | _aEN-101719 | ||
| 037 | _bDBAD/PUB | ||
| 082 | _aN | ||
| 100 | _aRajesh, Jisha | ||
| 245 |
_aWe shall meet again / _cby Jisha Rajesh |
||
| 260 |
_aThrissur _bG-Motivation An Imprint Of Green Books _c2016 |
||
| 270 | _aLittle Road, Ayyanthole, Thrissur-680003 | ||
| 300 |
_a104p _c22cm.(pbk) |
||
| 942 |
_2ddc _cEN _hN _mRAJ |
||
| 999 |
_c139988 _d139988 |
||